00800nam a2200253Ia 4500008004100000020001800041040001800059041000800077100002500085245009400110260004600204300003200250490002000282650001800302650001300320650003900333650002400372650002300396650003500419650002900454650002100483650002100504700002100525130821s1996 sp a gr spa  a84 8013 049 0 aCo-BoUCMbspa00aspa1 aGorrotxategi, Antxon13aEl movimiento humano bases anatomo-fisiológicascAntxon Gorrotxategi y Patxi Aranzabal aMadrid (España)bGymnos Editorialc1996 a85 páginasbilustraciones aDeporte y salud aCuerpo humano aDeportes aEjercicioxAspectos fisiológicos aFisiología humana aMedicina deportiva aMovimiento (Sistema locomotor) aMúsculosxFisiología aSistema muscular aSistema nervioso1 aAranzabal, Patxi